| 000 | 00648nam a22002171c 4500 | ||
|---|---|---|---|
| 001 | a987693231 | ||
| 008 | 200304s2020 gw a||| 000u rus d | ||
| 020 |
_a9785444811740 _9978-5-444-81174-0 |
||
| 041 | _arus | ||
| 100 | 1 | _aArchipova, Aleksandra Sergeevna | |
| 245 | 0 | 0 | _aOpasnye sovetskie vešči. Gorodskie legendy i strachi v SSSR |
| 264 |
_aMoskva : _bNovoe literaturnoe obozrenie, _c2020 |
||
| 300 | _a536 Seiten. Illustrationen | ||
| 651 | 0 | _aRussland | |
| 651 | 0 | _aSowjetunion | |
| 700 | 1 |
_aKirzjuk, Anna Andreevna _eVerfasserIn |
|
| 942 | _cMG | ||
| 040 | _cRU-10907106 | ||
| 003 | RU-10907106 | ||
| 999 |
_c29911 _d29911 |
||
| 490 | 0 | _aKul'tura povsednevnosti | |